00000000nam##2200000za#4500
0019.643615
003CaOODSP
00520210624224242
007cr |||||||||||
008150407|1999||||xxc|||||o    f|0| 0 fre|d
020 |a978-0-660-97492-7
040 |aCaOODSP|bfre
043 |an-cn---
0861 |aCH4-40/1999-1F-PDF
1101 |aCanada. |bPatrimoine canadien.
24510|aJe parle français : |h[ressource électronique]|bun portrait de la francophonie canadienne
260 |aOttawa - Ontario : |bPatrimoine canadien |cc1999.
300 |a117p.|bgraphiques, photographies
500 |a«Numérisé par Éditions et Services de dépôt, Travaux publics et Services gouvernementaux Canada - 2014»
590 |a14-18-Supp|b2014-10-15
69107|aFrançais|2gcpds
69107|aFrancophonie|2gcpds
77508|tJe parle français : |w(CaOODSP)9.699640
7760#|tJe parle français : |w(CaOODSP)9.680895
85640|ahttp://publications.gc.ca|qPDF|s64.82 Mo|uhttps://publications.gc.ca/collections/collection_2014/pc-ch/CH4-40-1999-1-fra.pdf